00302nam a2200097 a 450000500170000000800410001724500900005826000260014899900170017404000130019120200930074828.0111124s1993 000 spa d 0aEvaluación de la calidad de la semilla de frijol rojo en la República Dominicana. aSanto Domingo,c1993. c35536d35536 aDO-SdBNP